[Event "Lonigo CIS 54th Serie B Girone 6"]
[Site "Lonigo"]
[Date "2023.05.20"]
[Round "3.3"]
[White "Rigo, Mario"]
[Black "Genzo, Enrico"]
[Result "1-0"]
[WhiteElo "1867"]
[BlackElo "1869"]
[PlyCount "59"]
[EventDate "2023.05.19"]
[EventType "team-tourn"]
[EventRounds "5"]
[EventCountry "ITA"]
[SourceTitle "EXT 2024"]
[Source "ChessBase"]
[SourceDate "2023.10.10"]
[SourceVersion "1"]
[SourceVersionDate "2023.10.10"]
[SourceQuality "1"]
[WhiteTeam "Vicenza"]
[BlackTeam "Trieste Lab Sah"]
[WhiteTeamCountry "ITA"]
[BlackTeamCountry "ITA"]

1. e4 c5 2. Nf3 d6 3. Bb5+ Bd7 4. Bxd7+ Qxd7 5. 0-0 Nc6 6. c3 Nf6 7. Re1 e6 8. d4 cxd4 9. cxd4 d5 10. e5 Ne4 11. Nc3 Nxc3 12. bxc3 Be7 13. Qd3 Na5 14. Rb1 Rc8 15. Bg5 Nc4 16. Bxe7 Qxe7 17. h4 h6 18. h5 b6 19. g3 0-0 20. Kg2 f5 21. exf6 Qxf6 22. Re2 Rf7 23. Rbe1 Rc6 24. Nh4 Rd7 25. Ng6 Rdd6 26. f4 Rc8 27. f5 Re8 28. a4 a6 29. Nf4 e5 30. Nxd5 1-0

[Event "Anti Cheating Blitz Cup"]
[Site "Chess.com INT"]
[Date "2020.05.20"]
[Round "10"]
[White "Bogdanov, Ignat"]
[Black "Genzo, Enrico"]
[Result "1-0"]
[WhiteElo "2079"]
[BlackElo "1845"]
[PlyCount "47"]
[EventDate "2020.05.20"]
[EventType "swiss (blitz)"]
[EventRounds "11"]
[EventCountry "USA"]
[SourceTitle "CBM 196 Extra"]
[Source "ChessBase"]
[SourceDate "2020.07.31"]
[SourceVersion "1"]
[SourceVersionDate "2020.07.31"]
[SourceQuality "1"]

1. e4 c5 2. c3 d5 3. exd5 Qxd5 4. d4 Nf6 5. Nf3 Bg4 6. Be2 Nc6 7. h3 Bh5 8. c4 Qd6 9. d5 Bxf3 10. Bxf3 Nd4 11. 0-0 g6 12. Nc3 Bg7 13. Re1 0-0 14. Be3 Nxf3+ 15. Qxf3 a6 16. Rad1 Rfe8 17. Bf4 Qb6 18. Be5 Rad8 19. d6 Nh5 20. Bxg7 Kxg7 21. Rxe7 Rxe7 22. dxe7 Rxd1+ 23. Qxd1 Qe6 24. Qd8 1-0

[Event "Anti Cheating Blitz Cup"]
[Site "Chess.com INT"]
[Date "2020.05.20"]
[Round "5"]
[White "Cina`, Vittorio"]
[Black "Genzo, Enrico"]
[Result "1-0"]
[WhiteElo "1800"]
[BlackElo "1845"]
[PlyCount "53"]
[EventDate "2020.05.20"]
[EventType "swiss (blitz)"]
[EventRounds "11"]
[EventCountry "USA"]
[SourceTitle "CBM 196 Extra"]
[Source "ChessBase"]
[SourceDate "2020.07.31"]
[SourceVersion "1"]
[SourceVersionDate "2020.07.31"]
[SourceQuality "1"]

1. Nf3 d5 2. c4 e6 3. d4 Nf6 4. Nc3 Be7 5. cxd5 exd5 6. Bg5 0-0 7. Qc2 c6 8. e3 h6 9. Bf4 Bd6 10. Bxd6 Qxd6 11. Bd3 Nbd7 12. 0-0 Re8 13. Rfe1 a5 14. e4 dxe4 15. Nxe4 Nxe4 16. Bxe4 Nf6 17. Bh7+ Kf8 18. Rxe8+ Nxe8 19. Bf5 Nf6 20. Re1 Nd5 21. Ne5 a4 22. Qe4 Bxf5 23. Qxf5 Qc7 24. Qh7 Nf6 25. Qh8+ Ng8 26. Re3 Qa5 27. Nd7# 1-0

[Event "Anti Cheating Blitz Cup"]
[Site "Chess.com INT"]
[Date "2020.05.20"]
[Round "2"]
[White "Genzo, Enrico"]
[Black "Moroni, Luca Jr"]
[Result "0-1"]
[WhiteElo "1845"]
[BlackElo "2530"]
[PlyCount "52"]
[EventDate "2020.05.20"]
[EventType "swiss (blitz)"]
[EventRounds "11"]
[EventCountry "USA"]
[SourceTitle "CBM 196 Extra"]
[Source "ChessBase"]
[SourceDate "2020.07.31"]
[SourceVersion "1"]
[SourceVersionDate "2020.07.31"]
[SourceQuality "1"]

1. d4 Nf6 2. c4 e6 3. Nf3 Bb4+ 4. Bd2 Qe7 5. a3 Bxd2+ 6. Qxd2 0-0 7. Nc3 d6 8. e4 e5 9. d5 a5 10. Qc2 Na6 11. Be2 Bg4 12. 0-0 Bxf3 13. Bxf3 c6 14. Be2 Nc5 15. b4 Ncd7 16. Bd3 Nh5 17. g3 Nhf6 18. Qd2 h6 19. b5 cxd5 20. cxd5 Nc5 21. Bc2 b6 22. Rae1 Rac8 23. Bb1 Rc7 24. f4 Rfc8 25. fxe5 Qxe5 26. Rf5 Nb3 0-1

[Event "Koper Univ Cup 1st"]
[Site "Koper"]
[Date "2019.04.20"]
[Round "1"]
[White "Genzo, Enrico"]
[Black "Krylov, Ivan"]
[Result "0-1"]
[WhiteElo "1804"]
[BlackElo "2447"]
[PlyCount "50"]
[EventDate "2019.04.20"]
[EventType "swiss (rapid)"]
[EventRounds "9"]
[EventCountry "SLO"]
[SourceTitle "CBM 190 Extra"]
[Source "ChessBase"]
[SourceDate "2019.07.15"]
[SourceVersion "1"]
[SourceVersionDate "2019.07.15"]
[SourceQuality "1"]

1. Nf3 Nf6 2. g3 g6 3. Bg2 Bg7 4. 0-0 0-0 5. d4 d6 6. b3 c5 7. Bb2 Ne4 8. c4 Nc6 9. e3 Qa5 10. Qe1 Qxe1 11. Rxe1 Nb4 12. Na3 Nd3 13. Re2 Nxb2 14. Rxb2 a6 15. Rc1 Rb8 16. Ne1 Ng5 17. Rd2 cxd4 18. exd4 Nh3+ 19. Kf1 Bh6 20. f4 e5 21. dxe5 dxe5 22. Nd3 exf4 23. gxf4 Nxf4 24. Rcd1 Bg4 25. Re1 Rbd8 0-1

[Event "Trieste op 18th"]
[Site "Trieste"]
[Date "2016.09.04"]
[Round "3"]
[White "Sorbera, Giovanni"]
[Black "Genzo, Enrico"]
[Result "1-0"]
[WhiteElo "2234"]
[BlackElo "1775"]
[PlyCount "73"]
[EventDate "2016.09.03"]
[EventType "swiss"]
[EventRounds "9"]
[EventCountry "ITA"]
[SourceTitle "CBM 174 Extra"]
[Source "ChessBase"]
[SourceDate "2016.10.10"]
[SourceVersion "1"]
[SourceVersionDate "2016.10.10"]
[SourceQuality "1"]

1. c4 Nf6 2. Nc3 c5 3. g3 g6 4. Bg2 Bg7 5. Nf3 Nc6 6. d4 cxd4 7. Nxd4 Nxd4 8. Qxd4 d6 9. 0-0 0-0 10. Qd2 a6 11. b3 Qc7 12. Bb2 Be6 13. e4 Rfd8 14. Rfe1 Qa5 15. Rad1 Rac8 16. Nd5 Qxd2 17. Rxd2 Bxd5 18. exd5 Rc7 19. Bd4 Re8 20. Bb6 Rcc8 21. Bh3 Ra8 22. Rde2 Kf8 23. b4 h5 24. f3 g5 25. Bf5 Rab8 26. Kf1 Ra8 27. Re3 Rab8 28. R1e2 Ra8 29. Ke1 Rab8 30. Kd1 Ra8 31. Kc2 Rab8 32. Kb3 Ra8 33. Ka4 Rab8 34. Ka5 Rbc8 35. Bxc8 Rxc8 36. Rxe7 Rxc4 37. Rxb7 1-0

[Event "Nova Gorica op 21st"]
[Site "Nova Gorica"]
[Date "2016.02.01"]
[Round "6"]
[White "Mitovski, Borce"]
[Black "Genzo, Enrico"]
[Result "0-1"]
[WhiteElo "1593"]
[BlackElo "1781"]
[PlyCount "78"]
[EventDate "2016.01.29"]
[EventType "swiss"]
[EventRounds "9"]
[EventCountry "SLO"]
[SourceTitle "CBM 170 Extra"]
[Source "ChessBase"]
[SourceDate "2016.02.25"]
[SourceVersion "1"]
[SourceVersionDate "2016.02.25"]
[SourceQuality "1"]

1. e4 c5 2. Bc4 e6 3. Nf3 Nc6 4. 0-0 a6 5. a3 b5 6. Be2 Nf6 7. d3 Qc7 8. b3 d5 9. Bg5 dxe4 10. dxe4 Nxe4 11. Bh4 Be7 12. Bxe7 Qxe7 13. Bd3 Nf6 14. Nbd2 0-0 15. Qe2 Bb7 16. Rfd1 Nd5 17. Qe4 f5 18. Qh4 Qxh4 19. Nxh4 g6 20. c4 Nc3 21. cxb5 axb5 22. Rdc1 b4 23. Bc4 Nd4 24. Kf1 Kg7 25. Nhf3 Nxf3 26. Nxf3 Bxf3 27. gxf3 Kf6 28. axb4 cxb4 29. Re1 e5 30. h4 h6 31. Kg2 Rfb8 32. Kg3 Ra3 33. Rac1 Rd8 34. Rc2 Rd4 35. Re3 f4+ 36. Kh3 fxe3 37. fxe3 Rd1 38. e4 Re1 39. Kg2 Re2+ 0-1

[Event "Chioggia op-B 10th"]
[Site "Chioggia"]
[Date "2015.10.09"]
[Round "1"]
[White "Genzo, Enrico"]
[Black "Gebbin, Andrea"]
[Result "1-0"]
[WhiteElo "1772"]
[BlackElo "1573"]
[PlyCount "83"]
[EventDate "2015.10.09"]
[EventType "swiss"]
[EventRounds "5"]
[EventCountry "ITA"]
[SourceTitle "EXT 2022"]
[Source "ChessBase"]
[SourceDate "2021.10.06"]
[SourceVersion "1"]
[SourceVersionDate "2021.10.06"]
[SourceQuality "1"]

1. d4 e6 2. c4 f5 3. g3 Nf6 4. Bg2 c6 5. Nf3 d5 6. 0-0 Bd6 7. b3 0-0 8. Ba3 Ne4 9. Bxd6 Qxd6 10. e3 Nd7 11. Qc2 Ndf6 12. Ne5 Nd7 13. f3 Nef6 14. c5 Qc7 15. f4 Nxe5 16. fxe5 Ne4 17. Bxe4 fxe4 18. Rxf8+ Kxf8 19. Nc3 Qe7 20. Rf1+ Kg8 21. Ne2 Bd7 22. Nf4 Rf8 23. Qe2 Qg5 24. Kg2 Rf5 25. h4 Qe7 26. g4 Rf8 27. Kh3 Qf7 28. Rg1 g6 29. g5 Qf5+ 30. Kh2 Qf7 31. b4 a6 32. Rg2 Qf5 33. Rf2 Qf7 34. Nh3 Qe7 35. Rf6 Be8 36. Nf4 Bf7 37. Kg3 Kg7 38. a4 Qd7 39. Qf1 Bg8 40. Rxf8 Kxf8 41. Nxg6+ Ke8 42. Qf8# 1-0

[Event "Nova Gorica op-A 20th"]
[Site "Nova Gorica"]
[Date "2015.02.02"]
[Round "6"]
[White "Kejzar, Petra"]
[Black "Genzo, Enrico"]
[Result "1/2-1/2"]
[WhiteElo "2034"]
[BlackElo "1684"]
[PlyCount "91"]
[EventDate "2015.01.30"]
[EventType "swiss"]
[EventRounds "9"]
[EventCountry "SLO"]
[SourceTitle "CBM 164 Extra"]
[Source "ChessBase"]
[SourceDate "2015.03.02"]
[SourceVersion "1"]
[SourceVersionDate "2015.03.02"]
[SourceQuality "1"]

1. e4 c5 2. Nf3 d6 3. d4 cxd4 4. Qxd4 Nc6 5. Qe3 Nf6 6. h3 Qc7 7. c4 g6 8. Nc3 a6 9. b3 Bg7 10. Bb2 Qa5 11. Rc1 Bd7 12. Be2 0-0 13. 0-0 Rac8 14. a3 Qc5 15. Qd2 Ne5 16. Nd4 Bc6 17. Nxc6 Qxc6 18. Bd3 Nxd3 19. Qxd3 Rfe8 20. Rfe1 Nd7 21. Nd1 Nc5 22. Qf3 Bxb2 23. Nxb2 f5 24. exf5 Qxf3 25. gxf3 gxf5 26. b4 Nd7 27. f4 Kf7 28. Nd3 Rc7 29. Rc2 b6 30. Rec1 Rec8 31. Ne1 Nf6 32. Kg2 Ne4 33. f3 Nf6 34. Kf2 a5 35. Ke3 axb4 36. axb4 Ra7 37. Kd4 e6 38. Nd3 Ra3 39. Rg1 Rg8 40. Rxg8 Nxg8 41. c5 bxc5+ 42. bxc5 dxc5+ 43. Rxc5 Ne7 44. Ne5+ Kf6 45. Nd7+ Kf7 46. Ne5+ 1/2-1/2

[Event "Nova Gorica op-A 20th"]
[Site "Nova Gorica"]
[Date "2015.01.30"]
[Round "1"]
[White "Genzo, Enrico"]
[Black "Kersic, Matej"]
[Result "0-1"]
[WhiteElo "1684"]
[BlackElo "2183"]
[PlyCount "80"]
[EventDate "2015.01.30"]
[EventType "swiss"]
[EventRounds "9"]
[EventCountry "SLO"]
[SourceTitle "CBM 164 Extra"]
[Source "ChessBase"]
[SourceDate "2015.03.02"]
[SourceVersion "1"]
[SourceVersionDate "2015.03.02"]
[SourceQuality "1"]

1. d4 d5 2. c4 c6 3. Nf3 Nf6 4. Nc3 dxc4 5. a4 Bg4 6. e3 e6 7. Bxc4 Nbd7 8. Be2 Be7 9. h3 Bh5 10. 0-0 0-0 11. Qc2 Nd5 12. Nxd5 cxd5 13. Bd2 Rc8 14. Qd1 Bg6 15. Bc3 Bd6 16. Ne5 Nxe5 17. dxe5 Bc5 18. Bd3 Qg5 19. Bxg6 Qxg6 20. Rc1 b6 21. a5 Qe4 22. Qg4 Qxg4 23. hxg4 bxa5 24. Bd4 Bb6 25. Rfd1 h6 26. Kf1 Rfd8 27. Ke2 Kf8 28. Kd2 Ke8 29. Rxc8 Rxc8 30. Rc1 Rxc1 31. Kxc1 Kd7 32. Kc2 Kc6 33. f4 g6 34. Kc3 Kb5 35. Kb3 a4+ 36. Kc3 Bxd4+ 37. exd4 h5 38. gxh5 gxh5 39. g3 a6 40. Kd3 Kb4 0-1